000 00261nam a2200085Ia 4500
245 0 _aSteve Jobs : the brilliant mind behind Apple
100 _a Imbimbo, Anthony Pleasantville, NY, 2009
_9100641
942 _cBK
008 210818s9999 xx 000 0 und d
999 _c432505
_d432504